[Event "SVK-chT3A2 0809"]
[Site "Slovakia"]
[Date "2009.03.29"]
[Round "11.7"]
[White "Hrubos, Milan"]
[Black "Babirat, Michal"]
[Result "0-1"]
[WhiteElo "1713"]
[BlackElo "1588"]
[PlyCount "54"]
[EventDate "2008.10.19"]
[EventType "team-tourn"]
[EventRounds "11"]
[EventCountry "SVK"]
[SourceTitle "EXT 2010"]
[Source "ChessBase"]
[SourceDate "2010.11.25"]
[SourceVersion "1"]
[SourceVersionDate "2010.11.25"]
[SourceQuality "1"]
[WhiteTeam "Holic"]
[BlackTeam "Trnava Lokomotiva III"]
[WhiteTeamCountry "SVK"]
[BlackTeamCountry "SVK"]

1. e4 c5 2. Nf3 d6 3. d4 cxd4 4. Nxd4 Nf6 5. Nc3 g6 6. Be3 Bg7 7. f3 Nc6 8. Bc4 Bd7 9. Qd2 Rc8 10. Bb3 Na5 11. 0-0-0 Nc4 12. Qe2 Nxe3 13. Qxe3 0-0 14. h4 h5 15. Nde2 a6 16. Kb1 b5 17. Nd5 Nxd5 18. Rxd5 a5 19. a3 Qc7 20. Rd2 Rb8 21. c3 b4 22. cxb4 axb4 23. Rc1 Qb7 24. Bd5 Qa6 25. Ka2 bxa3 26. Qxa3 Qb6 27. Rc7 Qxc7 0-1

[Event "SVK-chT3A2 0809"]
[Site "Slovakia"]
[Date "2009.01.11"]
[Round "5.7"]
[White "Papanek, Lubomir"]
[Black "Hrubos, Milan"]
[Result "0-1"]
[WhiteElo "1677"]
[BlackElo "1713"]
[PlyCount "80"]
[EventDate "2008.10.19"]
[EventType "team-tourn"]
[EventRounds "11"]
[EventCountry "SVK"]
[SourceTitle "EXT 2010"]
[Source "ChessBase"]
[SourceDate "2010.11.25"]
[SourceVersion "1"]
[SourceVersionDate "2010.11.25"]
[SourceQuality "1"]
[WhiteTeam "Gbely Nafta"]
[BlackTeam "Holic"]
[WhiteTeamCountry "SVK"]
[BlackTeamCountry "SVK"]

1. c4 Nf6 2. Nc3 g6 3. Nf3 Bg7 4. g3 0-0 5. Bg2 c5 6. 0-0 Nc6 7. d3 e5 8. Bg5 h6 9. Be3 d6 10. h3 Rb8 11. Nh2 Ne7 12. a4 a6 13. Qc1 Kh7 14. Qc2 Be6 15. Rfb1 Nc6 16. Bd2 Qd7 17. a5 Bxh3 18. e3 Bxg2 19. Kxg2 Nb4 20. Qd1 Nxd3 21. e4 Nb4 22. Qe2 Nc2 23. Ra2 Nd4 24. Qd3 b5 25. Rh1 b4 26. Ne2 Nxe2 27. Qxe2 Rh8 28. b3 Kg8 29. f4 exf4 30. e5 dxe5 31. Qxe5 Qc6+ 32. Nf3 Re8 33. Qxf4 h5 34. Re1 Rxe1 35. Bxe1 Ng4 36. Rd2 Bh6 37. Qb8+ Kg7 38. Rd8 Rxd8 39. Qxd8 Qe4 40. Bf2 Qe2 0-1